Statistics for US States That End In -A

Click here to take the quiz!

General Stats

  • This quiz has been taken 2,273 times
  • The average score is 19 of 21

Answer Stats

HintAnswer% Correct
WestCalifornia
98%
SouthAlabama
97%
SouthFlorida
97%
SouthGeorgia
96%
SouthNorth Carolina
95%
MidwestNorth Dakota
95%
SouthSouth Carolina
95%
MidwestSouth Dakota
95%
WestAlaska
94%
WestArizona
94%
SouthVirginia
94%
WestNevada
93%
WestMontana
92%
SouthWest Virginia
92%
SouthLouisiana
91%
NortheastPennsylvania
91%
MidwestIndiana
90%
MidwestIowa
90%
SouthOklahoma
88%
MidwestNebraska
87%
MidwestMinnesota
83%

Score Distribution

Percentile by Number Answered

Percent of People with Each Score

Your Score History

You have not taken this quiz